000 00655nam a2200193 a 4500
001 000013097
005 20240412074237.0
008 091120s1964 dr r 000 j spa d
040 _aDO-SdBNP
_bspa
_cBNPHU
082 _aRD863.44
_bS197c
100 1 _aSanabia, Rafael Emilio
_926438
245 1 0 _aCuentos para las muchachas de mi tierra :
_bde el flechador de aventuras 1939-1964 /
_cRafael Emilio Sanabia.
260 _aSanto Domingo :
_bArte y Cine,
_c1964.
300 _a79 p. ;
_c23 cm.
590 _aInventariado, 2018/ YL
650 0 _aCuentos dominicanos
_9176
650 0 _aLiteratura dominicana.
_967
910 _aValidado. Control de calidad MFF
999 _c12739
_d12739